|
|
|
|
| LEADER |
00985nam a2200289 a 4500 |
| 001 |
000704111 |
| 003 |
CZ BrMZK |
| 005 |
20040305095656.0 |
| 007 |
ta |
| 008 |
040123s2003 xr a e 000 0 cze d |
| 020 |
|
|
|q (brož.)
|
| 040 |
|
|
|a BOA001
|b cze
|
| 043 |
|
|
|a e-xr---
|b e-xr-li
|2 czenas
|
| 072 |
|
7 |
|a 63
|x Zemědělství a příbuzné oblasti vědy a techniky
|2 Konspekt
|9 24
|
| 080 |
|
|
|a (036)
|2 MRF
|
| 080 |
|
|
|a 63
|2 MRF
|
| 080 |
|
|
|a (437.316)
|2 MRF
|
| 110 |
1 |
|
|a Liberecký kraj (Česko : 2000-).
|b Krajský úřad
|7 mzk2002201451
|
| 245 |
1 |
0 |
|a Zpráva o stavu zemědělství :
|b Liberecký kraj
|
| 246 |
3 |
3 |
|a Liberecký kraj
|
| 260 |
|
|
|a Liberec :
|b Liberecký kraj, resort životního prostředí a zemědělství,
|c [2003?]
|
| 300 |
|
|
|a 12 s. :
|b il. ;
|c 30 cm
|
| 650 |
0 |
7 |
|a zemědělství
|7 ph116770
|z Česko
|2 czenas
|
| 655 |
|
7 |
|a informační publikace
|7 fd132454
|2 czenas
|
| 651 |
|
7 |
|a Liberecký kraj (Česko : 2000-)
|7 ge135865
|2 czenas
|
| 910 |
|
|
|a BOA001
|b 4-1129.334
|
| 990 |
|
|
|a BK
|